[Event "51. Miedzynarodowy Festiwal Szachowy im. Akiby Rubinsteina - OPEN B"]
[Site "Polanica-Zdroj"]
[Date "1899-12-30"]
[Round "7.5"]
[White "Luba, Lukasz"]
[Black "Nasuta, Grzegorz"]
[Result "0-1"]
[WhiteTitle "I"]
[BlackTitle "FM"]
[WhiteElo "2139"]
[BlackElo "2372"]

1. e3 Nf6 2. d4 g6 3. c4 Bg7 4. Nc3 O-O 5. h3 d5 6. Nf3 b6 7. cxd5 Nxd5 8. e4 Nxc3
9. bxc3 c5 10. Be3 Bb7 11. e5 Nc6 12. Be2 cxd4 13. cxd4 Nb4 14. a3 Nd5 15. Bd2
Rc8 16. Rc1 Rxc1 17. Qxc1 Qd7 18. O-O Rc8 19. Qb2 e6 20. Bb5 Bc6 21. Rc1 Bxb5
22. Rxc8+ Qxc8 23. Qxb5 a6 24. Qd3 b5 25. Ng5 Bh6 26. Ne4 Bf8 27. Qf3 Be7 28.
Bh6 Qd8 29. Kh2 Qa5 30. Nf6+ Bxf6 31. exf6 Qd8 32. Bg7 a5 33. h4 Qb8+ 34. g3 b4
35. axb4 axb4 36. Qb3 Qd8 37. Qf3 Qb8 38. Qb3 Qd8 39. Qf3 Qb6 40. Qb3 Qxd4 41.
Kg2 Nf4+ 42. gxf4 Qd5+ 43. Qxd5 exd5 44. f5 b3 45. h5 gxh5 0-1

[Event "51. Miedzynarodowy Festiwal Szachowy im. Akiby Rubinsteina - OPEN B"]
[Site "Polanica-Zdroj"]
[Date "1899-12-30"]
[Round "7.6"]
[White "Zochowski, Kacper"]
[Black "Mazalon, Mariusz"]
[Result "0-1"]
[WhiteTitle "k"]
[BlackTitle "k"]
[WhiteElo "2154"]
[BlackElo "2040"]

1. e4 c5 2. Nf3 a6 3. c3 e6 4. d4 d5 5. exd5 exd5 6. Be2 Nf6 7. O-O Be7 8. dxc5
Bxc5 9. Nbd2 O-O 10. Nb3 Ba7 11. Nbd4 Nc6 12. Bg5 h6 13. Bh4 g5 14. Bg3 Ne4 15.
Nxc6 bxc6 16. Nd2 Nxg3 17. hxg3 f5 18. Nb3 Qf6 19. Nd4 c5 20. Nc2 Bb7 21. Kh1
Rad8 22. Ne3 g4 23. c4 d4 24. Nd5 Qg5 25. Nf4 Bb8 26. Ne6 Qh5+ 27. Kg1 Bxg2 28.
Kxg2 Qh3+ 29. Kg1 Bxg3 30. fxg3 Qxg3+ 31. Kh1 Qh3+ 32. Kg1 g3 33. Rf2 gxf2+ 34.
Kxf2 Qe3+ 0-1

[Event "51. Miedzynarodowy Festiwal Szachowy im. Akiby Rubinsteina - OPEN B"]
[Site "Polanica-Zdroj"]
[Date "1899-12-30"]
[Round "7.7"]
[White "Widla, Piotr"]
[Black "Wisniewski, Michal"]
[Result "0-1"]
[WhiteTitle "I++"]
[BlackTitle "k"]
[WhiteElo "2009"]
[BlackElo "2133"]

1. e4 Nf6 2. Nc3 e5 3. d4 exd4 4. Qxd4 Nc6 5. Qe3 Bb4 6. Bd2 O-O 7. O-O-O Re8 8.
f3 Qe7 9. Qg5 d6 10. Nh3 Nd4 11. Nf4 c6 12. a3 h6 13. Qg3 Ba5 14. Kb1 Ne6 15.
Nxe6 Qxe6 16. Bd3 Bc7 17. f4 Qg4 18. Qf2 Bb6 19. Qf1 Qh4 20. Be1 Qh5 21. h3 Nxe4
22. g4 Nxc3+ 23. Bxc3 Qc5 24. Rh2 Ba5 25. Bd4 Qxd4 26. Bh7+ Kxh7 27. Rxd4 Re1+
28. Qxe1 Bxe1 29. Re2 Bh4 30. Rxd6 Be6 31. f5 Bc4 32. Re3 Rd8 33. Rxd8 Bxd8 34.
b3 Bg5 35. Rf3 Bd5 36. Rf2 b5 37. Kb2 a5 38. a4 bxa4 39. bxa4 Bf6+ 40. Ka3 h5
41. Rh2 Kh6 42. Rf2 hxg4 43. hxg4 Kg5 44. c4 Bxc4 45. Rh2 Kxg4 46. Rg2+ Kxf5 47.
Rf2+ Ke6 48. Rf4 Be7+ 0-1

[Event "51. Miedzynarodowy Festiwal Szachowy im. Akiby Rubinsteina - OPEN B"]
[Site "Polanica-Zdroj"]
[Date "1899-12-30"]
[Round "7.8"]
[White "Nowak, Kamil"]
[Black "Oglaza, Oskar"]
[Result "1-0"]
[WhiteTitle "I+"]
[BlackTitle "I+"]
[WhiteElo "2133"]
[BlackElo "2020"]

1. e4 c5 2. Nf3 d6 3. d4 cxd4 4. Nxd4 Nf6 5. Nc3 a6 6. Be3 e6 7. f3 b5 8. Qd2 Nbd7
9. g4 Nb6 10. a4 Nc4 11. Bxc4 bxc4 12. a5 Nd7 13. Na4 Qc7 14. O-O-O Rb8 15. Qc3
Be7 16. Ne2 Bf6 17. Bd4 Bxd4 18. Rxd4 O-O 19. Rxc4 Qd8 20. Rd1 Qe7 21. Rc7 Qg5+
22. Qd2 Qb5 23. Nec3 Qxa5 24. Qxd6 Rb4 25. Rxd7 Bxd7 26. Qxd7 Qg5+ 27. Qd2 Qa5
28. b3 Rbb8 29. Qe3 Rfc8 30. f4 Qb4 31. Kb2 Qe7 32. h3 Rc4 33. Rd4 Rc6 34. Qd3
h6 35. e5 Qc7 36. Rd6 Rc4 37. Rd7 Qc8 38. Nb6 Rxc3 39. Nxc8 Rxd3 40. Ne7+ Kf8
41. cxd3 Rb4 42. Nc6 1-0

[Event "51. Miedzynarodowy Festiwal Szachowy im. Akiby Rubinsteina - OPEN B"]
[Site "Polanica-Zdroj"]
[Date "1899-12-30"]
[Round "7.9"]
[White "Stoma, Pawel"]
[Black "Panas, Pawel"]
[Result "1-0"]
[WhiteTitle "m"]
[BlackTitle "k"]
[WhiteElo "2346"]
[BlackElo "2100"]

1. Nf3 e6 2. e4 d5 3. exd5 exd5 4. d4 Nc6 5. Bb5 Nge7 6. O-O a6 7. Ba4 Bg4 8. c3
Qd6 9. Re1 O-O-O 10. Nbd2 f6 11. h3 Bh5 12. Nf1 g5 13. Ng3 Bg6 14. Qe2 h5 15.
Qe6+ Qxe6 16. Rxe6 h4 17. Nf1 b5 18. Bd1 Bg7 19. N3d2 Bf7 20. Re1 Ng6 21. Nb3
Bf8 22. Bd2 Bd6 23. a4 Kb7 24. axb5 axb5 25. Be2 Kb6 26. Nc5 Bxc5 27. dxc5+ Kxc5
28. Be3+ Kd6 29. Bxb5 Ra8 30. b4 Nce5 31. Bc5+ Ke6 32. Ne3 c6 33. Ba6 Rhb8 34.
Ra5 Nf4 35. Ng4 Bh5 36. Nh2 Kf5 37. Rea1 Rxa6 38. Rxa6 Ne2+ 39. Kh1 Nxc3 40. Nf1
Be2 41. Ne3+ Kf4 42. Ra8 Rxa8 43. Rxa8 Ne4 44. Nc2 Nxc5 45. bxc5 Ke4 46. Ra3 Nc4
47. f3+ Kf4 48. Ra8 Ne5 49. Re8 Bd1 50. Nd4 Ba4 51. Re6 Ke3 52. Nf5+ Kd3 53. Nd6
Kc2 54. Rxf6 d4 55. Re6 Nd7 56. Ne4 d3 57. Rd6 Ne5 58. Kg1 Nc4 59. Rd4 Bb3 60.
Kf2 d2 61. Ke2 Kc1 62. Rxd2 Nxd2 63. Nxd2 Ba4 64. Ne4 Bb5+ 65. Ke3 1-0

[Event "51. Miedzynarodowy Festiwal Szachowy im. Akiby Rubinsteina - OPEN B"]
[Site "Polanica-Zdroj"]
[Date "1899-12-30"]
[Round "7.10"]
[White "Swicarz, Maciej"]
[Black "Zareba, Radoslaw"]
[Result "1-0"]
[WhiteTitle "m"]
[BlackTitle "I"]
[WhiteElo "2300"]
[BlackElo "2071"]

1. d4 g6 2. c4 c5 3. Nf3 Nf6 4. Nc3 Bg7 5. e4 cxd4 6. Nxd4 d6 7. Be2 O-O 8. O-O
Nc6 9. Nc2 Be6 10. Be3 Ne5 11. b3 Qa5 12. Bd2 Qb6 13. Kh1 Rac8 14. Rc1 a6 15.
f4 Nc6 16. Qe1 Qc7 17. Qh4 Qb8 18. f5 Bd7 19. g4 b5 20. g5 b4 21. Nd5 Nxd5 22.
exd5 Ne5 23. f6 exf6 24. gxf6 Bh8 25. Nxb4 Qb6 26. Rf4 Rfe8 27. Rcf1 a5 28. Nc2
Bf5 29. Nd4 Bd3 30. Bxd3 Nxd3 31. R4f3 Ne5 32. Rh3 h5 33. Rg1 Qd8 34. Qxh5 Bxf6
35. Nf5 1-0

[Event "51. Miedzynarodowy Festiwal Szachowy im. Akiby Rubinsteina - OPEN B"]
[Site "Polanica-Zdroj"]
[Date "1899-12-30"]
[Round "7.11"]
[White "Lukasiewicz, Krzysztof"]
[Black "Koziol, Kamil"]
[Result "1/2-1/2"]
[WhiteTitle "k"]
[BlackTitle "k"]
[WhiteElo "2000"]
[BlackElo "2187"]

1. e4 c5 2. Nf3 e6 3. d4 cxd4 4. Nxd4 Nc6 5. Nc3 Qc7 6. g3 a6 7. Bg2 h5 8. O-O
h4 9. Re1 hxg3 10. hxg3 d6 11. a4 Be7 12. Nxc6 bxc6 13. e5 d5 14. Qg4 Kf8 15.
Bf4 Rb8 16. Rab1 g6 17. Bf3 Nh6 18. Qh3 Kg7 19. Kg2 g5 20. Bd2 Nf5 21. Qg4 Rb4
22. Ne4 dxe4 23. Bxe4 Nh6 24. Qh5 Nf5 25. Qg4 Nh6 26. Qh5 Nf5 27. Qg4 Nh6 1/2-1/2

[Event "51. Miedzynarodowy Festiwal Szachowy im. Akiby Rubinsteina - OPEN B"]
[Site "Polanica-Zdroj"]
[Date "1899-12-30"]
[Round "7.12"]
[White "Kokoszczynski, Jan"]
[Black "Salakhova, Gulnara"]
[Result "1/2-1/2"]
[WhiteTitle "I++"]
[BlackTitle "WIM"]
[WhiteElo "1966"]
[BlackElo "2179"]

1. e4 c5 2. Nf3 Nc6 3. Bb5 g6 4. Bxc6 bxc6 5. O-O Bg7 6. Re1 Nf6 7. Nc3 O-O 8.
e5 Nd5 9. Nxd5 cxd5 10. d4 cxd4 11. Qxd4 e6 12. Bg5 Qc7 13. Be7 Re8 14. Ba3 Ba6
15. c3 Qc4 16. Bc5 Rab8 17. Qxc4 dxc4 18. Re2 Rb7 19. Rd1 Reb8 20. Ba3 Bb5 21.
Bd6 Rc8 22. Rd4 Ba4 23. h4 h6 24. Kh2 Bb5 25. Kg3 a5 26. Kh2 Bf8 27. Bxf8 Kxf8
28. Nd2 Ba6 29. Ne4 Rbc7 30. Red2 Ke7 31. Nf6 Bb5 32. f4 Rb7 33. Ne4 Rcb8 34.
Nd6 Rc7 35. Kg3 Ba6 36. Kf2 f5 37. exf6+ Kxf6 38. g4 Ke7 39. Ke3 Rf8 40. a3 1/2-1/2

[Event "51. Miedzynarodowy Festiwal Szachowy im. Akiby Rubinsteina - OPEN B"]
[Site "Polanica-Zdroj"]
[Date "1899-12-30"]
[Round "7.13"]
[White "Chylewski, Patryk"]
[Black "Czachor, Radoslaw"]
[Result "1-0"]
[WhiteTitle "k"]
[BlackTitle "I++"]
[WhiteElo "2143"]
[BlackElo "1994"]

1. d4 Nf6 2. c4 g6 3. Nf3 Bg7 4. Nc3 d6 5. e4 O-O 6. Be2 Na6 7. O-O e5 8. Be3 Ng4
9. Bg5 Qe8 10. Re1 exd4 11. Nxd4 Qe5 12. Nf3 Qc5 13. Bh4 f5 14. exf5 Bxf5 15.
h3 Nf6 16. Nd4 Ne4 17. Nb3 Nxc3 18. bxc3 Qa3 19. Bf3 Rae8 20. Be7 Bxc3 21. Bd5+
Kh8 22. Rc1 Rxe7 23. Rxe7 Bf6 24. Re2 Nb4 25. g4 Bd7 26. Qd2 a5 27. Rc3 Nxd5 28.
cxd5 a4 29. Nd4 Qb4 30. Rxc7 Qb1+ 31. Re1 Qb6 32. Rxd7 Bxd4 33. Qh6 1-0

[Event "51. Miedzynarodowy Festiwal Szachowy im. Akiby Rubinsteina - OPEN B"]
[Site "Polanica-Zdroj"]
[Date "1899-12-30"]
[Round "7.14"]
[White "Sujkowski, Pawel"]
[Black "Leks, Maria"]
[Result "0-1"]
[WhiteTitle "I++"]
[BlackTitle "WCM"]
[WhiteElo "1927"]
[BlackElo "2101"]

1. c4 e5 2. g3 Nf6 3. Bg2 d5 4. cxd5 Nxd5 5. Nf3 Nc6 6. O-O Be7 7. b3 e4 8. Ne1
Bf6 9. Nc2 Bxa1 10. Nxa1 Bf5 11. Ba3 Qd7 12. Nc2 O-O-O 13. Qc1 h5 14. f3 exf3
15. Bxf3 Bh3 16. Rd1 h4 17. d4 hxg3 18. hxg3 Bg4 19. Ne3 Bxf3 20. exf3 Nxe3 21.
Qxe3 Qh3 0-1

[Event "51. Miedzynarodowy Festiwal Szachowy im. Akiby Rubinsteina - OPEN B"]
[Site "Polanica-Zdroj"]
[Date "1899-12-30"]
[Round "7.15"]
[White "Kocwin, Bartosz"]
[Black "Domanski, Lukasz"]
[Result "1-0"]
[WhiteTitle "FM"]
[BlackTitle "I+"]
[WhiteElo "2250"]
[BlackElo "2002"]

1. d4 d6 2. e4 Nf6 3. Nc3 Nbd7 4. Nf3 e5 5. Bc4 Be7 6. a4 O-O 7. O-O c6 8. Ba2
b6 9. Re1 a6 10. h3 Bb7 11. Qd3 b5 12. Be3 b4 13. Ne2 exd4 14. Bxd4 c5 15. Bxf6
Nxf6 16. Nf4 Qc7 17. Nd2 Rfe8 18. Re3 Rad8 19. Rae1 Qb8 20. Bc4 Qa8 21. Qb3 Rf8
22. g4 Nd7 23. Nd5 Bxd5 24. Bxd5 Qb8 25. f4 Nb6 26. g5 Kh8 27. a5 Na8 28. h4 Nc7
29. Nc4 Qc8 30. Rg3 Nxd5 31. exd5 Rfe8 32. Qd3 Bf8 33. Rxe8 Rxe8 34. Nb6 Qb7 35.
Re3 Rxe3 36. Qxe3 Be7 37. f5 Kg8 38. h5 Kf8 39. Qf4 Qc7 40. f6 Bd8 41. Qf5 Kg8
42. Qe4 gxf6 43. Qe8+ Kg7 44. Nd7 1-0

[Event "51. Miedzynarodowy Festiwal Szachowy im. Akiby Rubinsteina - OPEN B"]
[Site "Polanica-Zdroj"]
[Date "1899-12-30"]
[Round "7.19"]
[White "Nowak, Lukasz"]
[Black "Pultorak, Jan"]
[Result "0-1"]
[WhiteTitle "k"]
[BlackTitle "I+"]
[WhiteElo "2113"]
[BlackElo "2126"]

1. e4 c5 2. Nf3 d6 3. d4 cxd4 4. Nxd4 Nf6 5. Nc3 a6 6. Be2 e6 7. O-O Be7 8. f4
Qc7 9. Kh1 O-O 10. Qe1 b5 11. Bf3 Bb7 12. e5 Ne8 13. f5 dxe5 14. fxe6 Bxf3 15.
exf7+ Rxf7 16. Nxf3 Nc6 17. a4 b4 18. Nd5 Qd6 19. Nxe7+ Qxe7 20. Qe4 Rc8 21. Qc4
Qb7 22. Ng5 Nd6 23. Rxf7 Qxf7 24. Qd3 Qf5 25. Qd5+ Nf7 26. Be3 h6 27. Ne6 Ncd8
28. Nc5 Qxc2 29. b3 Qc3 30. Rf1 Qxe3 31. Nd3 Qd4 32. Qxd4 exd4 33. Nxb4 a5 34.
Nd5 Rb8 35. Rf3 Nc6 36. Kg1 Nfe5 37. Rg3 d3 38. Kf2 Rxb3 39. Ke3 Nc4+ 40. Kf4
d2 41. Nc3 Rxc3 0-1

[Event "51. Miedzynarodowy Festiwal Szachowy im. Akiby Rubinsteina - OPEN B"]
[Site "Polanica-Zdroj"]
[Date "1899-12-30"]
[Round "8.1"]
[White "Sabuk, Piotr"]
[Black "Sergeev, Vladimir"]
[Result "1-0"]
[WhiteTitle "k+"]
[BlackTitle "GM"]
[WhiteElo "2340"]
[BlackElo "2452"]

1. d4 Nf6 2. c4 e6 3. g3 c5 4. d5 exd5 5. cxd5 b5 6. e4 Nxe4 7. Bg2 Nd6 8. Nf3
Be7 9. O-O O-O 10. Re1 Na6 11. Nc3 b4 12. Ne2 Bb7 13. Nf4 Re8 14. Be3 Bf6 15.
Qc2 g6 16. g4 Rc8 17. h4 Nb5 18. g5 Bg7 19. Nd2 Nd4 20. Qd3 d6 21. Nc4 Rb8 22.
Bd2 Nc7 23. Rxe8+ Nxe8 24. a3 a5 25. axb4 axb4 26. Ra7 Bc8 27. Qe4 Bf5 28. Qe1
Ra8 29. Qa1 Rxa7 30. Qxa7 Nb3 31. Be3 Bg4 32. Be4 Nd4 33. Kg2 Bf5 34. f3 Bxe4
35. fxe4 Qc8 36. Kg3 h5 37. gxh6 Nf6 38. Ne6 Nxe4+ 39. Kf4 Nxe6+ 40. Kxe4 Nd4
41. Qxf7+ Kxf7 42. Nxd6+ Kg8 43. Nxc8 Bf6 44. Bg5 Bh8 45. d6 Ne6 46. d7 Kf7 47.
Nd6+ 1-0

[Event "51. Miedzynarodowy Festiwal Szachowy im. Akiby Rubinsteina - OPEN B"]
[Site "Polanica-Zdroj"]
[Date "1899-12-30"]
[Round "8.2"]
[White "Antoniewski, Rafal"]
[Black "Kowalczyk, Pawel"]
[Result "1-0"]
[WhiteTitle "GM"]
[BlackTitle "I++"]
[WhiteElo "2531"]
[BlackElo "2352"]

1. Nf3 Nf6 2. c4 c6 3. Nc3 d5 4. e3 g6 5. h3 Bg7 6. d4 O-O 7. Qb3 a6 8. a4 a5 9.
Bd2 Na6 10. cxd5 Nb4 11. dxc6 bxc6 12. Bc4 Bf5 13. O-O Rb8 14. Qd1 Nd3 15. b3
Nb4 16. Qe2 Ne8 17. e4 Bc8 18. Bf4 Nd6 19. Rad1 Qb6 20. Na2 Nxa2 21. Qxa2 Nxe4
22. Rde1 Nd6 23. Rxe7 Qd8 24. Rfe1 Rb7 25. Bg5 Qb6 26. Rxb7 Nxb7 27. Be7 Bxd4
28. Bxf8 Kxf8 29. Qd2 Bf6 30. Qh6+ Bg7 31. Qf4 f5 32. Ng5 1-0

[Event "51. Miedzynarodowy Festiwal Szachowy im. Akiby Rubinsteina - OPEN B"]
[Site "Polanica-Zdroj"]
[Date "1899-12-30"]
[Round "8.3"]
[White "Nasuta, Grzegorz"]
[Black "Malaniuk, Vladimir P"]
[Result "1/2-1/2"]
[WhiteTitle "FM"]
[BlackTitle "GM"]
[WhiteElo "2372"]
[BlackElo "2485"]

1. e4 e6 2. d4 d5 3. Nc3 dxe4 4. Nxe4 Bd7 5. Nf3 Bc6 6. Bd3 Nd7 7. Qe2 Be7 8. O-O
Ngf6 9. Nxf6+ Nxf6 10. c3 Bxf3 11. Qxf3 c6 12. Bg5 O-O 13. Bxf6 Bxf6 14. Rad1
Qd5 15. Qe4 Qxe4 16. Bxe4 Rfd8 17. g3 g6 18. Kg2 Rd7 19. Bf3 Rad8 20. h4 h5 21.
Rfe1 Kf8 22. Kf1 e5 23. dxe5 Rxd1 24. Rxd1 Rxd1+ 25. Bxd1 Bxe5 26. Ke2 Ke7 27.
Kd3 Bc7 28. Bb3 Bb6 29. Ke2 Bc5 30. Bc4 Bb6 31. Bb3 1/2-1/2

[Event "51. Miedzynarodowy Festiwal Szachowy im. Akiby Rubinsteina - OPEN B"]
[Site "Polanica-Zdroj"]
[Date "1899-12-30"]
[Round "8.4"]
[White "Rozycki, Bartlomiej"]
[Black "Nowak, Kamil"]
[Result "1/2-1/2"]
[WhiteTitle "k++"]
[BlackTitle "I+"]
[WhiteElo "2169"]
[BlackElo "2133"]

1. d4 Nf6 2. c4 e6 3. Nf3 Bb4+ 4. Nbd2 O-O 5. a3 Be7 6. e3 d5 7. Be2 b6 8. O-O
Bb7 9. Ne5 Nbd7 10. Ndf3 c5 11. b3 Rc8 12. Bb2 Nxe5 13. Nxe5 cxd4 14. exd4 Nd7
15. f4 Nxe5 16. fxe5 Bg5 17. Bc1 dxc4 18. bxc4 Be4 19. Kh1 Qe7 20. Bd3 Bxd3 21.
Qxd3 Rfd8 22. Rd1 Rc7 23. Bxg5 Qxg5 24. Ra2 Rcd7 25. Rad2 Rxd4 26. Qxd4 Rxd4 27.
Rxd4 h6 28. Rd7 a5 29. Rb7 Qxe5 30. Rxb6 Qe2 31. Rc1 Qe3 32. Rbb1 Qc5 33. a4 Kh7
34. Rb5 Qa3 35. Rbb1 Qc5 36. Rb5 1/2-1/2

[Event "51. Miedzynarodowy Festiwal Szachowy im. Akiby Rubinsteina - OPEN B"]
[Site "Polanica-Zdroj"]
[Date "1899-12-30"]
[Round "8.5"]
[White "Wisniewski, Michal"]
[Black "Mazalon, Mariusz"]
[Result "1-0"]
[WhiteTitle "k"]
[BlackTitle "k"]
[WhiteElo "2133"]
[BlackElo "2040"]

1. e4 c5 2. Nf3 a6 3. c4 e6 4. Nc3 Qc7 5. d4 cxd4 6. Nxd4 Nf6 7. a3 d6 8. Be2 b6
9. Be3 Bb7 10. f3 Be7 11. Rc1 Nbd7 12. O-O O-O 13. Qd2 Rac8 14. b4 Qb8 15. Rc2
Rfe8 16. Nb3 Bd8 17. Kh1 Bc7 18. Bg1 d5 19. exd5 exd5 20. c5 Bf4 21. Qd3 bxc5
22. bxc5 Ne5 23. Qf5 Nc6 24. Rb1 Qc7 25. Nd4 Be3 26. Nxc6 Bxc6 27. Bxa6 Bxg1 28.
Kxg1 Ra8 29. Bb5 Rxa3 30. Bxc6 Qxc6 31. Nb5 Rae3 32. Nd6 Ra8 33. Qf4 Rea3 34.
Nf5 Ra1 35. Ne7+ 1-0

[Event "51. Miedzynarodowy Festiwal Szachowy im. Akiby Rubinsteina - OPEN B"]
[Site "Polanica-Zdroj"]
[Date "1899-12-30"]
[Round "8.6"]
[White "Pultorak, Jan"]
[Black "Dubinski, Mateusz"]
[Result "1-0"]
[WhiteTitle "I+"]
[BlackTitle "CM"]
[WhiteElo "2126"]
[BlackElo "2207"]

1. d4 Nf6 2. c4 c5 3. d5 b5 4. cxb5 a6 5. b6 d6 6. Nc3 Nbd7 7. e4 Rb8 8. f4 g6
9. Nf3 Bg7 10. a4 Rxb6 11. Be2 Rb4 12. Nd2 O-O 13. O-O e6 14. dxe6 fxe6 15. Nc4
d5 16. exd5 Nb6 17. Nxb6 Qxb6 18. a5 Qd6 19. dxe6 Rd4 20. Qb3 Bxe6 21. Qb6 Rb8
22. Qxd6 Rxd6 23. f5 Bxf5 24. Bf4 Rdd8 25. Bxb8 Rxb8 26. Bxa6 Ng4 27. Bc4+ Kh8
28. Nd1 Bd4+ 29. Kh1 Ra8 30. a6 Ra7 31. Be2 Ne5 32. Nc3 Bxc3 33. bxc3 c4 34. Rf4
Kg7 35. Bxc4 Kf6 36. Be2 Nf7 37. Rb4 Nd6 38. Rb6 Ke5 39. Ra5+ Ke6 40. Bc4+ Kd7
41. Rd5 1-0

[Event "51. Miedzynarodowy Festiwal Szachowy im. Akiby Rubinsteina - OPEN B"]
[Site "Polanica-Zdroj"]
[Date "1899-12-30"]
[Round "8.7"]
[White "Stoma, Pawel"]
[Black "Kanicki, Krzysztof"]
[Result "1-0"]
[WhiteTitle "m"]
[BlackTitle "k"]
[WhiteElo "2346"]
[BlackElo "2205"]

1. e4 c5 2. Nf3 Nc6 3. Bb5 g6 4. Bxc6 dxc6 5. d3 Bg7 6. h3 Nf6 7. O-O Nd7 8. Nc3
e5 9. a3 a5 10. Be3 Qe7 11. Qd2 O-O 12. Bh6 Rd8 13. Bxg7 Kxg7 14. Nh2 Nf8 15.
f4 exf4 16. Qxf4 Ne6 17. Qe5+ f6 18. Qg3 Nd4 19. Rf2 Be6 20. Raf1 Rf8 21. Nd1
a4 22. Ne3 Rf7 23. c3 Nb5 24. Nhg4 Raf8 25. Qf4 g5 26. Qg3 Qc7 27. e5 fxe5 28.
Nxe5 h6 29. Rxf7+ Rxf7 30. Rxf7+ Bxf7 31. h4 Kf6 32. c4 Be6 33. N3g4+ Bxg4 34.
Nxg4+ Kg7 35. Qf2 Nd4 36. Qf6+ Kg8 37. Nxh6+ Kh7 38. hxg5 Qg7 39. Ng4 b5 40. Qe5
Qxe5 41. Nxe5 b4 42. Kf2 Nc2 43. Nd7 Nxa3 44. Nxc5 Kg6 45. Nxa4 Nc2 46. Nc5 Kxg5
47. Nb3 Kf4 48. Ke2 Kg3 49. Kd2 1-0

[Event "51. Miedzynarodowy Festiwal Szachowy im. Akiby Rubinsteina - OPEN B"]
[Site "Polanica-Zdroj"]
[Date "1899-12-30"]
[Round "8.8"]
[White "Leks, Maria"]
[Black "Swicarz, Maciej"]
[Result "0-1"]
[WhiteTitle "WCM"]
[BlackTitle "m"]
[WhiteElo "2101"]
[BlackElo "2300"]

1. e4 c5 2. Nf3 d6 3. d4 cxd4 4. Qxd4 Nc6 5. Bb5 Bd7 6. Bxc6 Bxc6 7. Nc3 Nf6 8.
Bg5 e6 9. O-O-O Be7 10. Rhe1 O-O 11. Qd2 h6 12. Bf4 e5 13. Bg3 b5 14. Kb1 b4 15.
Nd5 Nxd5 16. exd5 Bd7 17. Ng1 Bf5 18. f4 Qa5 19. Nf3 Rfc8 20. Rc1 Rc5 21. fxe5
Rxd5 22. Qf2 Qa4 23. Nd4 Ra5 24. a3 Bg6 25. Qf3 Rc8 26. Qb3 bxa3 27. Qxa4 Rxa4
28. exd6 axb2 29. Kxb2 Bxd6 30. Bxd6 Rxd4 31. Bg3 Rb4+ 32. Ka3 Rb7 33. c4 Rc6
34. Re8+ Kh7 0-1

[Event "51. Miedzynarodowy Festiwal Szachowy im. Akiby Rubinsteina - OPEN B"]
[Site "Polanica-Zdroj"]
[Date "1899-12-30"]
[Round "8.9"]
[White "Kocwin, Bartosz"]
[Black "Chylewski, Patryk"]
[Result "1/2-1/2"]
[WhiteTitle "FM"]
[BlackTitle "k"]
[WhiteElo "2250"]
[BlackElo "2143"]

1. d4 Nf6 2. c4 e6 3. Nf3 b6 4. g3 Ba6 5. b3 Bb4+ 6. Bd2 Be7 7. Qc2 d5 8. Bg2 O-O
9. Ne5 Bb7 10. Nc3 c5 11. dxc5 bxc5 12. O-O Na6 13. cxd5 exd5 14. Rfd1 Nc7 15.
Na4 Ne6 16. Bc3 Qc7 17. Rac1 d4 18. Ba5 Qxe5 19. Bxb7 Rab8 20. Bf3 c4 21. Be1
cxb3 22. axb3 Qb5 23. Rb1 Rfc8 24. Qd3 Qxd3 25. Rxd3 Bb4 26. Bg2 g5 27. e3 Bxe1
28. Rxe1 Rb4 29. exd4 Nxd4 30. Rb1 Kg7 31. h3 Rc1+ 32. Rxc1 Ne2+ 33. Kh2 Nxc1
34. Rc3 Nxb3 35. Nc5 Nd4 36. Ra3 Nb5 37. Ra5 Ne8 38. Nd3 Rb1 39. Ne5 Ned6 40.
Nc6 Rb2 41. Kg1 Rb1+ 42. Kh2 Rb2 43. Kg1 1/2-1/2

[Event "51. Miedzynarodowy Festiwal Szachowy im. Akiby Rubinsteina - OPEN B"]
[Site "Polanica-Zdroj"]
[Date "1899-12-30"]
[Round "8.10"]
[White "Koziol, Kamil"]
[Black "Wacior, Maciej"]
[Result "1/2-1/2"]
[WhiteTitle "k"]
[BlackTitle "I++"]
[WhiteElo "2187"]
[BlackElo "1968"]

1. e4 c6 2. d4 d5 3. Nc3 dxe4 4. Nxe4 Bf5 5. Ng3 Bg6 6. Nh3 e6 7. Nf4 Bd6 8. Ngh5
Bxf4 9. Nxf4 e5 10. Nxg6 hxg6 11. dxe5 Qa5+ 12. Bd2 Qxe5+ 13. Qe2 Qxe2+ 14. Bxe2
Nf6 15. O-O-O Nbd7 16. Bc3 O-O 17. Bf3 Rfe8 18. Rhe1 Rxe1 19. Rxe1 Re8 20. Rxe8+
Nxe8 21. a4 Nd6 22. b3 f6 23. Kd2 Kf7 24. h4 Ke6 25. g3 Ne8 26. Be4 f5 27. Bd3
Ne5 28. Ke2 Nf6 29. Bb2 Ne8 30. Bc3 Nf6 31. Bb2 1/2-1/2

[Event "51. Miedzynarodowy Festiwal Szachowy im. Akiby Rubinsteina - OPEN B"]
[Site "Polanica-Zdroj"]
[Date "1899-12-30"]
[Round "8.11"]
[White "Oglaza, Oskar"]
[Black "Zebracki, Tomasz"]
[Result "1-0"]
[WhiteTitle "I+"]
[BlackTitle "k"]
[WhiteElo "2020"]
[BlackElo "2158"]

1. e4 d5 2. exd5 Qxd5 3. Nc3 Qa5 4. d4 Nf6 5. Nf3 Nc6 6. Bc4 Bg4 7. Be3 O-O-O 8.
h3 Bxf3 9. Qxf3 Qb4 10. Bb3 Nxd4 11. Bxd4 Qxd4 12. O-O e6 13. Rad1 Qb6 14. Rxd8+
Kxd8 15. Qg3 Rg8 16. Na4 Bd6 17. Qd3 Qc6 18. c4 Ke7 19. Re1 Rd8 20. Qc2 Kf8 21.
Nc3 Bb4 22. Re3 Bxc3 23. Qxc3 Qd6 24. Qa5 Qb6 25. Qc3 c5 26. Rf3 Qd6 27. Qa5 Qb6
28. Qc3 Qc7 29. Ba4 Rd4 30. g3 Ne4 31. Qe1 Nd2 32. Rc3 Nxc4 33. Qc1 Nb6 34. Rxc5
Qd6 35. Bb3 Rd2 36. Rc7 a5 37. Rxb7 Qd4 38. Qe1 a4 39. Rxf7+ Kg8 40. Qxe6 1-0

[Event "51. Miedzynarodowy Festiwal Szachowy im. Akiby Rubinsteina - OPEN B"]
[Site "Polanica-Zdroj"]
[Date "1899-12-30"]
[Round "8.12"]
[White "Widla, Piotr"]
[Black "Zochowski, Kacper"]
[Result "0-1"]
[WhiteTitle "I++"]
[BlackTitle "k"]
[WhiteElo "2009"]
[BlackElo "2154"]

1. e4 c5 2. Nc3 Nc6 3. g3 g6 4. Bg2 Bg7 5. d3 d6 6. Be3 Rb8 7. Qd2 b5 8. f4 b4
9. Nd1 Qb6 10. Nf3 e6 11. O-O Nge7 12. Qf2 O-O 13. g4 f5 14. gxf5 exf5 15. e5
Nd5 16. exd6 Nxe3 17. Nxe3 Na5 18. Qh4 Bxb2 19. Ng5 h5 20. Bd5+ Kg7 21. Rae1 Qxd6
22. Bf3 Bd7 23. Nd5 Rbe8 24. Qg3 Bc6 25. Qg2 Bd4+ 26. Kh1 Rxe1 27. Rxe1 Re8 28.
Rxe8 Bxe8 29. Qe2 Bf7 30. Nxf7 Kxf7 31. Qd2 Nc6 32. Kg2 Nd8 33. c3 bxc3 34. Nxc3
Bxc3 35. Qxc3 Ne6 36. Qb3 Kf6 37. Qc3+ Qd4 38. Qxd4+ cxd4 39. Kg3 h4+ 40. Kxh4
Nxf4 41. Kg3 Nxd3 42. Be2 Nc1 43. Bd1 Nxa2 0-1

[Event "51. Miedzynarodowy Festiwal Szachowy im. Akiby Rubinsteina - OPEN B"]
[Site "Polanica-Zdroj"]
[Date "1899-12-30"]
[Round "8.13"]
[White "Kokoszczynski, Jan"]
[Black "Luba, Lukasz"]
[Result "1-0"]
[WhiteTitle "I++"]
[BlackTitle "I"]
[WhiteElo "1966"]
[BlackElo "2139"]

1. e4 e6 2. d4 d5 3. Nd2 a6 4. Ngf3 c5 5. exd5 Qxd5 6. Bc4 Qd8 7. dxc5 Bxc5 8.
O-O Nf6 9. Qe2 Nbd7 10. Rd1 Qc7 11. Bd3 b5 12. Ne4 Bb7 13. Bg5 Bxe4 14. Bxe4 Rc8
15. Rd2 O-O 16. Rad1 Kh8 17. Bh4 h6 18. a4 bxa4 19. Bd3 Qa7 20. Bxa6 Ra8 21. Bb5
Nb6 22. Ne5 Nbd5 23. c4 Nf4 24. Qf3 g5 25. Bg3 N6h5 26. Rd7 Qb8 27. Bxf4 Nxf4
28. Nxf7+ Qd8 1-0

[Event "51. Miedzynarodowy Festiwal Szachowy im. Akiby Rubinsteina - OPEN B"]
[Site "Polanica-Zdroj"]
[Date "1899-12-30"]
[Round "8.14"]
[White "Psyk, Radoslaw"]
[Black "Lukasiewicz, Krzysztof"]
[Result "1-0"]
[WhiteTitle "k"]
[BlackTitle "k"]
[WhiteElo "2128"]
[BlackElo "2000"]

1. e4 c6 2. d4 d5 3. Nc3 dxe4 4. Nxe4 Nd7 5. Nf3 Ngf6 6. Ng3 g6 7. Bc4 Bg7 8. O-O
O-O 9. c3 Nb6 10. Bb3 Bg4 11. Re1 Nfd5 12. h3 Bxf3 13. Qxf3 Rc8 14. Bg5 h6 15.
Bd2 e6 16. Rad1 Ne7 17. Ne4 Nbd5 18. c4 Nc7 19. Bb4 b5 20. d5 cxd5 21. cxd5 Ncxd5
22. Bxd5 exd5 23. Qa3 Qb6 24. Bxe7 dxe4 25. Bxf8 Bxf8 26. Qb3 Bc5 27. Qc2 Re8
28. Rxe4 Bxf2+ 29. Kh1 Rxe4 30. Qxe4 Bc5 31. Qe8+ Bf8 32. Qd7 Qa5 33. a3 Qa4 34.
Qd5 b4 35. b3 Qa6 36. axb4 Bxb4 37. Qd4 Bf8 38. Ra1 Qb5 39. Qc4 Qb7 40. Ra6 Kh7
41. Rf6 Kg7 42. Rf1 Kg8 43. Rb1 Bg7 44. Rc1 Bf8 45. Rc3 Qe7 46. Rf3 Qb7 47. Rd3
Qe7 48. Rd1 Qb7 49. Rb1 Bg7 50. Qa4 Qb6 51. Qe8+ Bf8 52. Qa4 Bg7 53. Rc1 Qb7 54.
Rc6 Qe7 55. Rc8+ Bf8 56. Qa1 Qe6 57. Qc3 Qd6 58. Qc1 Qe6 59. Qc5 Kh7 60. Rxf8
Qxb3 61. Qd4 1-0